|
|
|
|
| LEADER |
00000nam a2200000 a 4500 |
| 001 |
vtls011726899 |
| 003 |
SK-MaSNL |
| 005 |
20260301044302.0 |
| 008 |
240318t1590 gw a 000 0 ger |
| 015 |
|
|
|a SNBHFA1590
|
| 035 |
|
|
|a urn:nbn:sk:snk-am00csc3
|
| 035 |
|
|
|a urn:nbn:sk:snk-am3has0
|
| 035 |
|
|
|a 304F3D04-6EAE-45E6-A5DD-F7012A05C75C
|
| 040 |
|
|
|a SNK
|b slo
|c SNK
|e AACR2
|
| 041 |
0 |
|
|a lat
|
| 044 |
|
|
|a gw
|c DE
|
| 072 |
|
7 |
|a 343
|x Trestné právo
|2 konspekt
|
| 080 |
|
|
|a 343
|2 2011
|
| 100 |
0 |
|
|a Karol
|b V.,
|c cisár Svätej ríše rímskej,
|d 1500-1558
|4 aut
|9 169191
|
| 245 |
1 |
0 |
|a Peinlich Halsgericht/ Des Allerdurchleuchtigsten Großmächtigsten/ vnüberwindlichsten Keyser Carols deß Fünfften/ vnd deß Heiligen Römischen Reichs Peinlich Gerichts Ordnung/ auff den Reichstägen zu Augspurg vnnd Regenspurg/ in Jahren dreissig/ vnd zwey vnd dreissig gehalten/ auffgericht vnd beschlossen
|
| 260 |
|
|
|a Gedruckt zu Franckfurt am Mayn
|b durch Nicolaum Basseum
|c Jm Jahr M.D.LXXXX. [=1590]
|
| 300 |
|
|
|a [6], 29 l.
|c Fol.
|c 32,5 x 21 cm
|
| 500 |
|
|
|a Vinety, iniciálky s ornamentálnym pozadím vo voľnom priestore 2-3, 9, 11 r., titulný list červeno-čiernou tlačou, ilustrácie marginálie, kustódy, vodoznak
|
| 510 |
4 |
|
|a VD 16 D/1097
|
| 550 |
|
|
|a Impresorské údaje zopakované v kolofóne
|
| 562 |
|
|
|a Proveniencia: pečiatka Dr. E. kadarász - ver. not. poz. Margity Zayovej Čís. 3154.
|5 SNKIB 73571
|
| 563 |
|
|
|a Väzba: pôvodná, pergamenová, poškodené šnúrky, na prednom obale rukopis s údajmi o autorovi a názve diela.
|5 SNK IB 73571
|
| 650 |
0 |
7 |
|a trestné právo
|2 SNKPH
|9 984
|
| 700 |
1 |
|
|a Basse, Nikolaus,
|d zomrel 1601
|4 prt
|9 179202
|
| 700 |
1 |
|
|a Zaiová, Margita,
|d 1868-1937
|4 sgn
|9 186369
|
| 700 |
1 |
|
|a Kadarász, Ernest
|4 oth
|9 302455
|
| 752 |
|
|
|a Nemecko
|d Frankfurt am Main
|
| 852 |
|
|
|a SNK
|b Zaiova knižnica: Zay M 3254
|p IB 73571
|
| 958 |
|
|
|a ONDV
|
| 999 |
|
|
|c 595643
|d 597573
|
| 952 |
|
|
|t Zay 3254
|a SNK
|b SNK
|c SNK_HF
|y PREZ
|7 0
|p 17A1299188
|o snkIB 73571
|i snk2017/27483
|8 5
|0 0
|1 0
|4 0
|d 2017-12-12
|f 1
|l 0
|r 2026-02-23 15:37:52
|w 2026-02-23
|